000 00412nam a2200145Ia 4500
008 231129s1977||||xx |||||||||||||| ||spa||
020 _a84-399-5819-6
040 _bspa
082 _a986.101 F111s
100 _aFajardo Julio José
245 0 _aSan Agustí­n una cultura alucinada
260 _c1977
264 _aBogotá Colombia : Plaza y Janés
942 _2ddc
_cBKS
999 _c24284
_d24284